000
00260nam a22001097a 4500
003
OSt
008
241231b |||||||| |||| 00| 0 eng d
041
_a
eng
100
_a
Larbie, R
_9
6652
245
_a
Servicing the Modern Construction Radio Receiver
942
_c
BK
999
_c
18787
_d
18787